[Event "AUT-chT 9596"]
[Site "Vorarlberg"]
[Date "1996.??.??"]
[Round "7"]
[White "Haemmerle, Gernot"]
[Black "Zech, Otto"]
[Result "1-0"]
[WhiteElo "1830"]
[BlackElo "1615"]
[PlyCount "71"]
[EventDate "1995.??.??"]
[EventType "team"]
[EventRounds "9"]
[EventCountry "AUT"]
[SourceTitle "EXT 1999"]
[Source "ChessBase"]
[SourceDate "1998.11.16"]
[SourceVersion "1"]
[SourceVersionDate "1998.11.16"]
[SourceQuality "1"]

1. e4 e5 2. Nc3 Nf6 3. f4 Nc6 4. fxe5 Nxe5 5. d4 Nc6 6. Bc4 Bb4 7. Bg5 h6 8. Bxf6 Qxf6 9. Nf3 d6 10. 0-0 Qe7 11. Nd5 Qd7 12. c3 Ba5 13. a4 Bb6 14. b4 a6 15. Nxb6 cxb6 16. b5 Nd8 17. e5 0-0 18. d5 Qc7 19. Qd4 dxe5 20. Nxe5 Qc5 21. Qxc5 bxc5 22. b6 Re8 23. Rae1 f6 24. Nd3 Rxe1 25. Rxe1 Bf5 26. Re7 Kf8 27. Rc7 Nf7 28. Nxc5 Ne5 29. Nxb7 Re8 30. Nd6 Rb8 31. Nxf5 Rxb6 32. Nxg7 Ng4 33. Ne6+ Ke8 34. Bd3 Ne5 35. Bc2 Rb2 36. d6 1-0

[Event "AUT-chT 9697"]
[Site "Vorarlberg"]
[Date "1996.??.??"]
[Round "?"]
[White "Zech, Otto"]
[Black "Grueninger, David"]
[Result "0-1"]
[WhiteElo "1605"]
[BlackElo "1860"]
[PlyCount "52"]
[EventDate "1996.??.??"]
[EventType "team"]
[EventRounds "9"]
[EventCountry "AUT"]
[SourceTitle "EXT 1999"]
[Source "ChessBase"]
[SourceDate "1998.11.16"]
[SourceVersion "1"]
[SourceVersionDate "1998.11.16"]
[SourceQuality "1"]

1. e4 d6 2. d4 Nf6 3. Nc3 g6 4. h3 Bg7 5. Be3 Nbd7 6. Qd2 c6 7. f4 Qc7 8. Nf3 e5 9. fxe5 dxe5 10. Bc4 0-0 11. 0-0-0 b5 12. Bb3 b4 13. Ne2 Nxe4 14. Qxb4 a5 15. Qa4 Nb6 16. Qa3 a4 17. d5 axb3 18. Qxb3 Nxd5 19. a3 Be6 20. Qd3 Bf5 21. g4 Nf2 22. Qd2 Nxd1 23. Rxd1 Nxe3 24. Qxe3 Be6 25. Ng5 Bh6 26. Kb1 Qe7 0-1

[Event "AUT-chT 9596"]
[Site "Vorarlberg"]
[Date "1995.??.??"]
[Round "6"]
[White "Hillgarter, Christoph"]
[Black "Zech, Otto"]
[Result "1-0"]
[WhiteElo "1885"]
[BlackElo "1665"]
[PlyCount "89"]
[EventDate "1995.??.??"]
[EventType "team"]
[EventRounds "9"]
[EventCountry "AUT"]
[SourceTitle "EXT 1999"]
[Source "ChessBase"]
[SourceDate "1998.11.16"]
[SourceVersion "1"]
[SourceVersionDate "1998.11.16"]
[SourceQuality "1"]

1. e4 e5 2. Nf3 Nc6 3. Bb5 a6 4. Bxc6 dxc6 5. Nc3 f6 6. d4 exd4 7. Qxd4 Bg4 8. Qxd8+ Rxd8 9. Bf4 Bd6 10. Ne2 Ne7 11. 0-0-0 0-0 12. Rd2 Ng6 13. Bxd6 Rxd6 14. Rhd1 Rfd8 15. Rxd6 Rxd6 16. Nfg1 Ne5 17. f3 Rxd1+ 18. Kxd1 Be6 19. b3 Kf7 20. Kd2 c5 21. Nf4 Nc6 22. Nge2 g5 23. Nxe6 Kxe6 24. a3 Nd4 25. Kd3 Nxe2 26. Kxe2 Ke5 27. Ke3 f5 28. exf5 Kxf5 29. g3 b5 30. c4 c6 31. a4 h5 32. h3 Ke5 33. f4+ gxf4+ 34. gxf4+ Kf6 35. Ke4 b4 36. h4 a5 37. f5 Kf7 38. Ke5 Ke7 39. f6+ Kf8 40. Kf5 Kf7 41. Kg5 Ke6 42. Kg6 Ke5 43. f7 Kd4 44. f8Q Kc3 45. Qf3+ 1-0